Noemi Ruiz (Record no. 1454)

MARC details
000 - LÍDER
campo de control de longitud fija 00840nam a2200205Ia 4500
008 - ELEMENTOS DE DATOS DE LONGITUD FIJA - INFORMACIÓN GENERAL
campo de control de longitud fija 0000001992 pr a 0000000000spa00
090 ## - NÚMERO DE LLAMADA DE TIPO LC LOCALMENTE ASIGNADO (OCLC)
Número de clasificación (OCLC) (R) PPR00 R83n
100 1# - ENTRADA PRINCIPAL - NOMBRE PERSONAL
Nombre de la persona Ruiz, Noemi
Fechas asociadas a un nombre 1931
245 10 - TÍTULO DECLARACIÓN
Título Noemi Ruiz
Resto del título : mi trópico, ritmo espacio y tiempo
Declaración de responsabilidad / fotografías Jorge Ramos Caro
260 ## - PUBLICACIÓN, DISTRIBUCIÓN
Lugar de publicación Hato Rey (Puerto Rico) : Galería Botello
Fecha de publicación 1992
300 ## - DESCRIPCIÓN FÍSICA
Alcance [20] p.
Dimensiones / 20 cm.
500 ## - NOTA GENERAL
Nota general Exposición realizada en Galería Botello, Hato Rey, Puerto Rico, Octubre 47, 1992 \ Con el patronazgo del maestro venezolano Jesús Rafael Soto (q.e.p.d.)
600 00 - ENTRADA DE SUJETO AÑADIDO - NOMBRE PERSONAL
Nombre de la persona RUIZ, NOEMI, 1931/
Subdivisión general TRABAJOS PICTORICOS
650 14 - ENTRADA DE SUJETO AÑADIDO - TÉRMINO TÓPICO
Término tópico o elemento de entrada del nombre geográfico PINTURA PUERTORRIQUEÑA
650 14 - ENTRADA DE SUJETO AÑADIDO - TÉRMINO TÓPICO
Término tópico o elemento de entrada del nombre geográfico ARTE CONTEMPORANEO PUERTORRIQUEÑO
650 14 - ENTRADA DE SUJETO AÑADIDO - TÉRMINO TÓPICO
Subdivisión general CATALOGOS
650 14 - ENTRADA DE SUJETO AÑADIDO - TÉRMINO TÓPICO
Subdivisión general EXPOSICIONES
650 14 - ENTRADA DE SUJETO AÑADIDO - TÉRMINO TÓPICO
Término tópico o elemento de entrada del nombre geográfico PINTORES PUERTORRIQUEÑOS
700 1# - ENTRADA AGREGADA - NOMBRE PERSONAL
Nombre de la persona Ramos Caro, Jorge
Holdings
Estado de retirada Pérdida de estatus Estado dañado No para préstamo Código de recogida Ubicación permanente Ubicación actual Ubicación de las estanterías Fecha de adquisición Número de llamada completo Código de barras Fecha de la última vez que se vio Número de copia Precio efectivo desde Tipo de artículo Koha
        General ArtNexus ArtNexus General 06/09/2022 P-PR-00 R83N 1454 06/09/2022 Ej.1 06/09/2022 Libro

Powered by Koha